000 00929nam a2200253 i 4500
001 39557
003 ES-MaACL
007 t|
008 030303s1985 sp ||||1| spa d
020 _a84-309-1147-2
100 1 _aCano Rico, José Ramón.
_934566
245 1 0 _aManual práctico de contratación mercantil /
_cJosé Ramón Cano Rico ; con la colaboración de Antonio Jorge Serra Mallol.
260 _aMadrid :
_bTecnos,
_c1985.
300 _a2 v. ;
_c24 cm.
490 1 _aPráctica jurídica
504 _aBibliografía. Indices.
505 8 _aT. I: Contratos mercantiles en general. -- T. II: Contratos bancarios y sobre títulos-valores
700 1 _aSerra Mallol, Antonio Jorge.
_9105641
740 0 _aContratos mercantiles en general.
740 0 _aContratos bancarios y sobre títulos-valores.
830 0 _aPráctica jurídica
_9181804
852 _aES-MaACL
_jL-8134-5
_bR.108761
999 _c39557
_d39557